000 01432nam a22003377a 4500
003 OSt
005 20250710144532.0
008 201020s2003 sp a|||br|||| 01| fdspa d
020 _a8434894092
040 _aCO-JMCR
_cCO-JMCR
041 0 _aspa
082 0 4 _aN
_bMUÑf
_223
100 1 _aMuñoz Martín, Juan,
_eautor
_911726
245 1 0 _aFray perico y su borrico /
_cJuan Muñoz Martín ; ilustraciones de Antonio Tello
250 _aCuadragésima sexta edición
260 _aMadrid :
_bEdiciones SM,
_c2003
300 _a124 páginas :
_bilustraciones a blanco y negro ;
_c19 cm.
490 0 _aEl barco de vapor. Serie naranja ;
_v1
490 0 _aColección fray perico
500 _aIncluye datos biográficos del autor.
520 3 _aEsto eran veinte Frailes, en un antiguo convento cerquita de Salamanca, cabeza rapada, barba muy blanca y hábito remendado, caminaban en fila por los inmensos claustros... La irrupción de Fray Perico y su borrico va a trastornar la tranquila vida del convento.
521 _aA Partir de 9 años.
586 _aPremio El Barco de Vapor 1979
650 1 4 _aLiteratura infantil española
_ySiglo XX
_911727
650 1 4 _aLiteratura española
_ySiglo XX
_98517
650 2 4 _aFrailes en la literatura
_911728
650 2 4 _aConventos en la literatura
_911729
650 2 4 _aAsnos en la literatura
_911730
700 1 _aTello, Antonio,
_eilustrador
_911731
942 _2ddc
_cBK
999 _c6943
_d6943